[Event "Corsica CC op"]
[Site "Bastia"]
[Date "2002.01.16"]
[Round "1"]
[White "Grimaldi, Antoine"]
[Black "Battesti, Leo"]
[Result "1-0"]
[WhiteElo "2029"]
[BlackElo "1830"]
[PlyCount "59"]
[EventDate "2002.??.??"]
[EventType "swiss"]
[EventRounds "5"]
[EventCountry "FRA"]
[SourceTitle "EXT 2006"]
[Source "ChessBase"]
[SourceDate "2005.11.24"]
[SourceVersion "1"]
[SourceVersionDate "2005.11.24"]
[SourceQuality "1"]

1. e4 c5 2. Nf3 d6 3. d4 cxd4 4. Nxd4 g6 5. Be3 Bg7 6. Be2 Nf6 7. Nc3 0-0 8. 0-0 Nc6 9. Nb3 a6 10. f4 Bd7 11. h3 b5 12. a3 Rc8 13. Qd2 Nh5 14. Bxh5 gxh5 15. Rf3 Kh8 16. Raf1 Rg8 17. Kh1 Qf8 18. e5 Be6 19. exd6 exd6 20. Nd4 Nxd4 21. Bxd4 Bxd4 22. Qxd4+ Qg7 23. Qxg7+ Rxg7 24. f5 Bd7 25. Re3 Bc6 26. Rf2 Rcg8 27. Ree2 d5 28. Re7 Rxg2 29. Rxg2 d4 30. Ne4 1-0